000 00488nam a2200157 i 4500
001 86949
003 ES-MaACL
005 20230906175546.0
007 t|
008 041217s1939 gw ||||1| ger d
100 1 _aKonetzke, Richard.
_968550
245 1 0 _aGeschichte des spanische und portugiesinchen volkes /
_cvon Richard Konetzke.
260 _aLeipzig :
_b[Bibliographisches Institut,
_c1939]
300 _a428 p., 18 lám. :
_bil. ;
_c27 cm.
852 _aES-MaACL
_jF-15049
_bR.18161
999 _c86949
_d86949